Statistics for Name the Character

Click here to take the quiz!

General Stats

  • This quiz has been taken 32 times
  • The average score is 7 of 16

Answer Stats

Answer% Correct
Jabba the Hut
77%
Wario
77%
Leonardo
74%
Dr Doom
65%
Frodo Baggins
65%
Amy Santiago
58%
Shadow
45%
Summer Smith
39%
Swamp Thing
39%
Tyler Durden
39%
Crocodile
23%
Immortal
23%
Mudkip
23%
Otis Milburn
23%
Abed
19%
Wyldstyle
13%

Score Distribution

Percentile by Number Answered

Percent of People with Each Score

Your Score History

You have not taken this quiz